1103 1347 1555 1107 1257 1979 1698 1717 1075 1898 1992 1058 1811 1511 1929 1198 1917 1557 1941 1352 1451 1043 1378 1323 1433 1028 1812 1612 1850 1453 1697 1810 1196 1085 1030 1333 1769 1630 1135 1600 1174 1994 1715 1608 1730 1341 1711 1040 1518 1043 1564 1030 1753 1480 1613 1458 1709 1773 1058 1988 1441 1214 1480 1058 1380 1546 1479 1278 1237 1120 1839 1638 1030 1971 1791 1877 1286 1383 1345 1764 1544 1670 1887 1254 1707 1974 1954 1093 1020 1072 1022 1043 1039 1074 1869 1109 1147 1435 1728 BCNSPRNW ULIB Ver.6.0+V

เปลี่ยนเป็นภาษาไทย

Change to English
 แสดงรายละเอียดบรรณานุกรม
  กลับหน้าหลัก

Brief Record : Get Marc (ISO 2709) : E-mail record : QR code < ปิดหน้าต่าง
LEADER : 00000nam 2200000uu 4500
001    13399126167
003     ULIB
008    180626s2559||||th 000 0 tha d
020    ^a9786160027347
050    ^aนว^bส887บ
100  0  ^aเสี่ยวจี้(ลิซ).
245  1  ^aวายุหงสา /^cเสี่ยวจี้(ลิซ).
250    ^aพิมพ์ครั้งที่ 1.
260    ^aกรุงเทพฯ :^bPrincess,^c2559.
300    ^a760 หน้า ;^c21 ซม.
490  1  ^aชุดจอมใจพยัคฆ์
830    0 ^aชุดจอมใจพยัคฆ์.
850    ^aมบ.
945    ^p490^l0^i004273
999    ^aประนอม เกษจรัล
รายการนี้ยังไม่มีแท็ก
คุณยังไม่ได้ล็อกอิน คุณสามารถมีกิจกรรมร่วมกับเว็บไซต์ได้ แต่ต้องล็อกอินก่อน ::
  ล็อกอิน

รายการสื่อสารสนเทศ

ลำดับที่ ประเภท เลขเรียก/บาร์โค้ด สถานที่ สถานะ
1. นวนิยาย
นวนิยาย
นว ส887บ ฉ.1 
  Barcode: 004273
ห้องสมุดวิทยาเขตสวรรค์ประชารักษ์
►หนังสือทั่วไป
บนชั้น

BibComment


ยังไม่เคยถูกคอมเมนท์

คอมเมนท์ทรัพยากรรายการนี้
  คอมเมนท์: วายุหงสา เสี่ย..


 Copyright 2026. Bcnsprnw @Library